| 000 | 00484nam a2200133Ia 4500 | ||
|---|---|---|---|
| 005 | 20260209120138.0 | ||
| 008 | 260209s9999||||xx |||||||||||||| ||und|| | ||
| 100 | _aDamini Prem Chairwal | ||
| 245 | 0 | _aLaw of money : an analysis of money laundering and demonetisation | |
| 260 |
_aBangaloreBangalore _bNLSIU _c2017 |
||
| 300 | _a164 p. ; 25 cm. | ||
| 700 | _aProf. (Dr.) T S Somashekar - GuideProf. (Dr.) T S Somashekar - Guide | ||
| 856 | _uhttps://dans.nls.ac.in/handle/123456789/1581 | ||
| 999 |
_c217300 _d217300 |
||